Riaditeľ Trnavského divadla si Vás dovoľuje pozvať na premiéru hry ... Roman Polák. Robinson hľadá loď, ktorá stroskotá ... [pozvánka] : ... dňa 19. septembra 1997 ...

Bibliographic Details
Format: Book
Language:Slovak
PhysicalDescription:1 list ([2] s.) 21 x 10 cm
Published: Trnava Trnavské divadlo 1997
Subjects:

MARC

LEADER 00000nam a2200000 a 4500
001 vtls001302411
003 SK-MaSNL
005 20260301004906.0
008 240226s1997 xo 000 0 slo
015 |a SNBE1998/02-00870 
035 |a SNK000254459 
035 |a urn:nbn:sk:snk-amkup8 
035 |a urn:nbn:sk:snk-am004gqv 
035 |a A1084898-10D7-4507-BC6F-0B6FDC9C948E 
040 |a SNK  |b slo  |c SNK  |e AACR2 
041 0 |a slo 
044 |a xo  |c SK 
080 |a 792.2(083.97)  |2 1981 
245 0 0 |a Riaditeľ Trnavského divadla si Vás dovoľuje pozvať na premiéru hry ... Roman Polák. Robinson hľadá loď, ktorá stroskotá ...  |b [pozvánka] : ... dňa 19. septembra 1997 ... 
246 1 0 |a Roman Polák. Robinson hľadá loď, ktorá stroskotá 
246 1 0 |a Robinson hľadá loď, ktorá stroskotá 
260 |a Trnava  |b Trnavské divadlo  |c 1997 
300 |a 1 list ([2] s.)  |c 21 x 10 cm 
610 2 7 |a Trnavské divadlo  |2 SNK  |9 212133 
648 7 |a 1997  |2 SNK  |9 283446 
650 0 7 |a divadelné predstavenia  |2 SNK  |9 3328 
651 7 |a Trnava (Slovensko)  |2 SNK  |9 19407 
655 7 |a pozvánky  |2 SNK  |9 71913 
710 2 |a Trnavské divadlo  |4 oth  |9 212133 
999 |c 543610  |d 545540 
952 |t P60, <03>, [BOOK], {603}  |a SNK  |b SNK  |y PREZ  |7 0  |p 17A1162796  |o snkLSC 1332  |i snkKSP 9702/97  |0 0  |1 0  |4 0  |d 1997-09-19  |f 1  |l 0  |r 2005-01-02 00:00:00  |w 2026-02-23